Biblioteca

Charlie y la fabrica de chocolates (Registro nro. 49325)

Detalles MARC
000 -LÍDER
Campo fijo de descripción fija 003090000a22001450004500
041 0# - CÓDIGO DE IDIOMA
Código de idioma para texto/pista de sonido o título separado
082 04 - NÚMERO DE CLASIFICACIÓN DECIMAL DEWEY
Número de clasificación DVD 057
001 - NÚMERO DE CONTROL
Campo de control 2179
100 1# - ASIENTO PRINCIPAL--NOMBRE PERSONAL
Nombre personal Tim Burton
110 1# - ASIENTO PRINCIPAL--NOMBRE CORPORATIVO
Nombre corporativo o de jurisdicción como elemento de entrada Warner Home Video Inc.
245 10 - TÍTULO
Título del Material Charlie y la fabrica de chocolates
260 ## - PUBLICACIÓN, DISTRIBUCIÓN, ETC. (PIE DE IMPRENTA)
Lugar de publicación, distribución, etc. Argentina :
505 00 - NOTA DE CONTENIDO
Nota de contenido con formato preestablecido 115 min
942 ## - TIPO DE MATERIAL (KOHA)
Tipo de Item KOHA Z- Libro General BINCO
Existencias
Estado de Material Estado de Perdido Volumen-Parte/Tomo Estado de Dañado No para Préstamo Tomo Biblioteca de Origen Biblioteca Permanente Fecha de Adquisición Total de Préstamos Total de Renovaciones Signatura Topográfica Código de Barras Última vez visto Última vez Préstado Ejemplar/Existencia Fecha de Remplazo Tipo de Material
            Biblioteca Infantil Comunitaria BINCO Biblioteca Infantil Comunitaria BINCO 20/05/2013 2 3 DVD 057 B33241 16/02/2022 06/03/2020 1 26/01/2016 Z- Libro General BINCO

Biblioteca FUSBC | Teléfono: (57+4) 349 88 10 Ext. 141| WhatsApp (+57) 3005338115 
E-mail: biblioteca@unisbc.edu.co | Calle 76 87-14 Robledo Palenque, Medellín, Colombia

Con tecnología Koha